La Calidad del empleo: la experiencia de los países latinoamericanos y de los Estados Unidos /
Збережено в:
| Автор: | |
|---|---|
| Інші автори: | |
| Формат: | Текст |
| Опубліковано: |
OIT
|
| Предмети: | |
| Теги: |
Додати тег
Немає тегів, Будьте першим, хто поставить тег для цього запису!
|
MARC
| LEADER | 00000 a a2200000 04500 | ||
|---|---|---|---|
| 001 | 32641 | ||
| 003 | |||
| 040 | |||
| 020 | |a 92-2-311809-3 | ||
| 090 | |a 199503 | ||
| 100 | |a Infante, Ricardo | ||
| 245 | |a La Calidad del empleo: la experiencia de los países latinoamericanos y de los Estados Unidos / |c Ricardo Infante | ||
| 260 | |a OIT | ||
| 300 | |a 264 p. | ||
| 650 | |a EMPLEO | ||
| 650 | |a EVALUACION | ||
| 650 | |a CONDICIONES DE TRABAJO | ||
| 650 | |a BRASIL | ||
| 650 | |a EMPLEO | ||
| 650 | |a EVALUACION | ||
| 650 | |a ESTADISTICAS DE EMPLEO | ||
| 700 | |a ed. | ||
| 999 | |c 2119 |d 2119 | ||



